Crime in England & Wales in the nineteenth century : an historical and critical retrospect /

Bibliographic Details
Main Author: Hoyle, William, 1831-1886
Corporate Author: Gale (Firm)
Format: eBook
Language:English
Published: London : Manchester : Effingham, Wilson, and Company ; J. Heywood, [1876]
Series:Making of the modern world. Part 2 (1851-1914)
Subjects:
Online Access:Connect to the full text of this electronic book

MARC

Tag First Indicator Second Indicator Subfields
LEADER 00000cam a2200000I 4500
001 in00003851613
005 20190415181242.0
006 m o d
007 cr |n||||||||n
008 780907s1876 enkad o 000 0 eng
035 |a (MiFhGG)MOMW202746 
035 |a (OCoLC)60726622 
040 |a TGPSM  |c UtOrBLW  |d UtOrBLW 
043 |a e-uk--- 
050 4 |a HV6947  |b .H695 1876 
100 1 |a Hoyle, William,  |d 1831-1886.  |0 http://id.loc.gov/authorities/names/n90625843 
245 1 0 |a Crime in England & Wales in the nineteenth century :  |b an historical and critical retrospect /  |c by William Hoyle. 
246 3 |a Crime in England and Wales in the nineteenth century 
264 1 |a London :  |b Effingham, Wilson, and Company ;  |a Manchester :  |b J. Heywood,  |c [1876] 
300 |a 1 online resource (x, 126 pages, 1 unnumbered pages) :  |b illustrations. 
336 |a text  |b txt  |2 rdacontent 
337 |a computer  |b c  |2 rdamedia 
338 |a online resource  |b cr  |2 rdacarrier 
490 1 |a The making of the modern world. Part 2 (1851-1914) 
500 |a Reproduction from the The Goldsmiths' Library of Economic Literature, Senate House Library, University of London. 
500 |a Date from preface. 
500 |a Electronic resource. 
650 0 |a Alcoholism and crime.  |0 http://id.loc.gov/authorities/subjects/sh85003306 
650 0 |a Crime  |z Great Britain.  |0 http://id.loc.gov/authorities/subjects/sh2008101855 
655 7 |a Electronic books.  |2 local 
710 2 |a Gale (Firm)  |0 http://id.loc.gov/authorities/names/no2008071348 
830 0 |a Making of the modern world. Part 2 (1851-1914) 
856 4 0 |u http://proxy.library.tamu.edu/login?url=http://find.galegroup.com/openurl/openurl?url_ver=Z39.88-2004&url_ctx_fmt=info:ofi/fmt:kev:mtx:ctx&res_id=info:sid/gale:MOME&ctx_enc=info:ofi:enc:UTF-8&rft_val_fmt=info:ofi/fmt:kev:mtx:unknown&rft.artnum=U113047694&req_dat=info:sid/gale:ugnid:txshracd2898  |z Connect to the full text of this electronic book  |t 0 
999 f f |s 5d0478ef-8d72-3bf8-90c2-936029948ec8  |i 592d0a06-587e-3021-9a51-f9140473e7dc  |t 0 
952 f f |a Texas A&M University  |b College Station  |c Electronic Resources  |d Available Online  |t 0  |e HV6947 .H695 1876  |h Library of Congress classification 
998 f f |a HV6947 .H695 1876  |t 0  |l Available Online